Video Games by Fictional Planet - Statistics

General Stats
  • This quiz has been taken 13 times
  • The average score is 8 of 20
Answer Stats
World Game % Correct
Requiem Halo 4
91%
Reach Halo: Reach
91%
Hoth Star Wars: Battlefront
91%
Cybertron Transformers: Fall of Cybertron
91%
Tuchanka Mass Effect
55%
Pandora Borderlands
45%
Gaia Final Fantasy VII
45%
Nirn The Elder Scrolls
45%
Zebes Metroid
36%
Azeroth World of Warcraft
36%
Aegis VI Dead Space
27%
Helghan Killzone
27%
Jemison Starfield
27%
Planet 4546B Subnautica
27%
Sera Gears of War
18%
Stroggos Quake
18%
Kerwan Ratchet & Clank
9%
Gielinor RuneScape
9%
Na Pali Unreal
9%
Alrest Xenoblade Chronicles 2
9%
No matching quizzes found
Score Distribution
Percent of People with Each Score
Percentile by Number Answered
Your Score History
You have not taken this quiz